Loading...
| Religion | 0 | 9 | 0 | 1 | 90 | 45 | 82.67 | 1 | 8 | 23.88 | 49.58 |
| Philosophy | 0 | 9 | 0 | 1 | 90 | 54 | 83.78 | 4 | 8 | 22.13 | 50.83 |
| Literature - World | 0 | 8 | 0 | 0 | 80 | 46 | 72.63 | 2 | 5 | 31.82 | 41.67 |
| Literature - European | 0 | 8 | 1 | 0 | 75 | 54 | 82.38 | 3 | 7 | 27.00 | 48.33 |
| Science - Physics | 0 | 7 | 1 | 2 | 65 | 26 | 80.00 | 2 | 5 | 18.60 | 31.67 |
| Social Science | 0 | 6 | 0 | 0 | 60 | 33 | 65.00 | 1 | 4 | 20.96 | 25.00 |
| Fine Arts - Painting and Sculpture | 0 | 6 | 0 | 0 | 60 | 29 | 63.17 | 1 | 4 | 24.97 | 31.67 |
| Literature - British | 0 | 6 | 0 | 1 | 60 | 66 | 100.67 | 0 | 3 | 15.28 | 20.83 |
| Science - Biology | 0 | 6 | 0 | 4 | 60 | 73 | 99.67 | 0 | 2 | 5.88 | 10.83 |
| Science - Chemistry | 0 | 6 | 1 | 3 | 55 | 14 | 76.33 | 0 | 3 | 16.46 | 24.58 |
| Fine Arts - Classical Music | 0 | 6 | 2 | 0 | 50 | 74 | 93.00 | 0 | 4 | 11.28 | 23.75 |
| Mythology | 0 | 5 | 1 | 1 | 45 | 24 | 55.20 | 3 | 4 | 23.64 | 31.67 |
| History - European | 0 | 4 | 0 | 1 | 40 | 34 | 75.00 | 0 | 4 | 14.69 | 20.42 |
| History - World | 0 | 4 | 0 | 1 | 40 | 54 | 90.50 | 0 | 2 | 9.73 | 15.00 |
| Fine Arts - Other | 0 | 5 | 3 | 2 | 35 | 66 | 99.20 | 2 | 3 | 9.58 | 23.33 |
| Science - Other | 0 | 5 | 3 | 0 | 35 | 23 | 60.20 | 2 | 4 | 21.35 | 29.58 |
| Literature - American | 0 | 3 | 0 | 0 | 30 | 75 | 106.67 | 0 | 2 | 5.45 | 11.67 |
| History - American | 0 | 3 | 0 | 1 | 30 | 16 | 64.00 | 1 | 2 | 12.60 | 13.33 |
| Geography | 0 | 2 | 0 | 1 | 20 | 123 | 127.00 | 0 | 0 | 0.40 | 30.00 |
| Current Events | 0 | 1 | 0 | 1 | 10 | 119 | 119.00 | 0 | 0 | 0.28 | 6.67 |
| History - Other | 0 | 1 | 0 | 0 | 10 | 96 | 96.00 | 0 | 1 | 1.78 | 3.33 |
| Other Academic | 0 | 1 | 0 | 0 | 10 | 86 | 86.00 | 0 | 0 | 10.40 | 13.33 |